Villes de la Gironde en images - Statistiques

Statistiques générales
  • Ce quiz a été pris 167 fois
  • Le résultat moyen est 9 sur 18
Statistiques - réponses
Par images Hint Réponse % Correct
B Bordeaux
100%
M Mérignac
90%
A Arcachon
81%
P Pessac
71%
L Libourne
70%
T Talence
58%
B Blaye
56%
S Saint-Émilion
52%
(L) T La Teste-de-Buch
48%
L Langon
44%
(L) R La Réole
40%
S Soulac-sur-Mer
39%
B Bazas
23%
G Gradignan
21%
S Saint-Médard-en-Jalles
19%
C Cadillac-sur-Garonne
17%
L Lesparre-Médoc
17%
S Saint-Macaire
6%
Aucun quiz correspondant
Distribution des résultats
% des personnes avec chaque résultat
Percentile par nombre de réponses
Votre historique - résultats
Vous n’avez pas pris ce quiz